<?xml version="1.0" encoding="UTF-8"?>
<record
    xmlns:xsi="http://www.w3.org/2001/XMLSchema-instance"
    xsi:schemaLocation="http://www.loc.gov/MARC21/slim http://www.loc.gov/standards/marcxml/schema/MARC21slim.xsd"
    xmlns="http://www.loc.gov/MARC21/slim">

  <leader>00497nam a22001817a 4500</leader>
  <controlfield tag="005">20250709115016.0</controlfield>
  <controlfield tag="008">250709b        |||||||| |||| 00| 0 eng d</controlfield>
  <datafield tag="020" ind1=" " ind2=" ">
    <subfield code="a">978-1-305-63841-9</subfield>
  </datafield>
  <datafield tag="050" ind1=" " ind2=" ">
    <subfield code="a">HG 4521 .M39 2017</subfield>
  </datafield>
  <datafield tag="100" ind1=" " ind2=" ">
    <subfield code="a">MAYO, HERBERT B.</subfield>
  </datafield>
  <datafield tag="245" ind1=" " ind2=" ">
    <subfield code="a">INVESTMENTS: AN INTRODUCTION</subfield>
  </datafield>
  <datafield tag="250" ind1=" " ind2=" ">
    <subfield code="a">12</subfield>
  </datafield>
  <datafield tag="260" ind1=" " ind2=" ">
    <subfield code="a"> BOSTON, MA </subfield>
    <subfield code="b">CENGAGE, LEARNING</subfield>
    <subfield code="c">2017</subfield>
  </datafield>
  <datafield tag="300" ind1=" " ind2=" ">
    <subfield code="a">XIX,813P.:ILL</subfield>
  </datafield>
  <datafield tag="500" ind1=" " ind2=" ">
    <subfield code="a">INCLUDES INDEX</subfield>
  </datafield>
  <datafield tag="650" ind1=" " ind2=" ">
    <subfield code="a">1.	INVESTMENTS 2.	INVESTMENT ANALYSIS</subfield>
  </datafield>
  <datafield tag="942" ind1=" " ind2=" ">
    <subfield code="2">lcc</subfield>
    <subfield code="c">BK</subfield>
  </datafield>
  <datafield tag="999" ind1=" " ind2=" ">
    <subfield code="c">215866</subfield>
    <subfield code="d">215866</subfield>
  </datafield>
  <datafield tag="952" ind1=" " ind2=" ">
    <subfield code="0">0</subfield>
    <subfield code="1">0</subfield>
    <subfield code="2">lcc</subfield>
    <subfield code="4">0</subfield>
    <subfield code="6">HG4521 M39  02017</subfield>
    <subfield code="7">0</subfield>
    <subfield code="8">BUS</subfield>
    <subfield code="9">372292</subfield>
    <subfield code="a">KSUL</subfield>
    <subfield code="b">KSUL</subfield>
    <subfield code="c">DISPLAY</subfield>
    <subfield code="d">2025-07-09</subfield>
    <subfield code="i">108997</subfield>
    <subfield code="l">0</subfield>
    <subfield code="o">HG 4521 .M39 2017</subfield>
    <subfield code="p">000000018615</subfield>
    <subfield code="r">2025-07-09 11:50:42</subfield>
    <subfield code="t">1</subfield>
    <subfield code="w">2025-07-09</subfield>
    <subfield code="y">BK</subfield>
  </datafield>
  <datafield tag="952" ind1=" " ind2=" ">
    <subfield code="0">0</subfield>
    <subfield code="1">0</subfield>
    <subfield code="2">lcc</subfield>
    <subfield code="4">0</subfield>
    <subfield code="6">HG4521 M39  02017</subfield>
    <subfield code="7">0</subfield>
    <subfield code="8">BUS</subfield>
    <subfield code="9">372293</subfield>
    <subfield code="a">KSUL</subfield>
    <subfield code="b">KSUL</subfield>
    <subfield code="c">DISPLAY</subfield>
    <subfield code="d">2025-07-09</subfield>
    <subfield code="i">108998</subfield>
    <subfield code="l">0</subfield>
    <subfield code="o">HG 4521 .M39 2017</subfield>
    <subfield code="p">000000018602</subfield>
    <subfield code="r">2025-07-09 11:50:00</subfield>
    <subfield code="t">2</subfield>
    <subfield code="w">2025-07-09</subfield>
    <subfield code="y">BK</subfield>
  </datafield>
  <datafield tag="952" ind1=" " ind2=" ">
    <subfield code="0">0</subfield>
    <subfield code="1">0</subfield>
    <subfield code="2">lcc</subfield>
    <subfield code="4">0</subfield>
    <subfield code="6">HG4521 M39  02017</subfield>
    <subfield code="7">0</subfield>
    <subfield code="8">BUS</subfield>
    <subfield code="9">372294</subfield>
    <subfield code="a">KSUL</subfield>
    <subfield code="b">KSUL</subfield>
    <subfield code="c">DISPLAY</subfield>
    <subfield code="d">2025-07-09</subfield>
    <subfield code="i">108999</subfield>
    <subfield code="l">0</subfield>
    <subfield code="o">HG 4521 .M39 2017</subfield>
    <subfield code="p">000000018601</subfield>
    <subfield code="r">2025-07-09 11:50:00</subfield>
    <subfield code="t">3</subfield>
    <subfield code="w">2025-07-09</subfield>
    <subfield code="y">BK</subfield>
  </datafield>
  <datafield tag="952" ind1=" " ind2=" ">
    <subfield code="0">0</subfield>
    <subfield code="1">0</subfield>
    <subfield code="2">lcc</subfield>
    <subfield code="4">0</subfield>
    <subfield code="6">HG4521 M39  02017</subfield>
    <subfield code="7">0</subfield>
    <subfield code="8">BUS</subfield>
    <subfield code="9">372295</subfield>
    <subfield code="a">KSUL</subfield>
    <subfield code="b">KSUL</subfield>
    <subfield code="c">DISPLAY</subfield>
    <subfield code="d">2025-07-09</subfield>
    <subfield code="i">109000</subfield>
    <subfield code="l">0</subfield>
    <subfield code="o">HG 4521 .M39 2017</subfield>
    <subfield code="r">2025-07-09 11:50:00</subfield>
    <subfield code="t">4</subfield>
    <subfield code="w">2025-07-09</subfield>
    <subfield code="y">BK</subfield>
  </datafield>
  <datafield tag="952" ind1=" " ind2=" ">
    <subfield code="0">0</subfield>
    <subfield code="1">0</subfield>
    <subfield code="2">lcc</subfield>
    <subfield code="4">0</subfield>
    <subfield code="6">HG4521 M39  02017</subfield>
    <subfield code="7">0</subfield>
    <subfield code="8">BUS</subfield>
    <subfield code="9">372297</subfield>
    <subfield code="a">KSUL</subfield>
    <subfield code="b">KSUL</subfield>
    <subfield code="c">DISPLAY</subfield>
    <subfield code="d">2025-07-09</subfield>
    <subfield code="i">109029</subfield>
    <subfield code="l">0</subfield>
    <subfield code="o">HG 4521 .M39 2017</subfield>
    <subfield code="p">000000018600</subfield>
    <subfield code="r">2025-07-09 12:15:09</subfield>
    <subfield code="t">5</subfield>
    <subfield code="w">2025-07-09</subfield>
    <subfield code="y">BK</subfield>
  </datafield>
</record>
